Statistics for Countries With The Most Natural Resources

Click here to take the quiz!

General Stats

  • This quiz has been taken 51 times
  • The average score is 8 of 10

Answer Stats

HintAnswer% Correct
2.$45 trillionUSA
98%
1.$75.7 trillionRussia
96%
8.$21.1 trillionBrazil
94%
4.$33.2 trillionCanada
90%
9.$19.9 trillionAustralia
90%
7.$23 trillionChina
84%
3.$34.4 trillionSaudi Arabia
82%
5.$27.3 trillionIran
69%
6.$24 trillionD.R. Congo
67%
10.$15.9 trillionIraq
59%

Score Distribution

Percentile by Number Answered

Percent of People with Each Score

Your Score History

You have not taken this quiz